000 01668cam a22004214i 4500
003 PE-LiUPU
005 20250731175634.0
008 150625s r 000 0 d
020 _a978184661497
035 _a(Sirsi) i978184661497
040 _aPE-LiUPU
_bspa
_cPE-LiUPU
_erda
049 _aPRUA
082 0 4 _a428.07
_bCR
_221
100 1 _aDickens, Charles,
_d1812-1870,
_eautor.
245 1 0 _aOliver Twist /
_cDickens, Charles.
264 1 _aNewbury :
_bilustraciones, color,
_c2003.
300 _a128 páginas :
_bilustraciones, color ;
_c21 centímetros
300 _aCD-ROM
336 _atext
_2rdacontent
337 _aunmediated
_2rdamedia
338 _avolume
_2rdacarrier
505 0 _aAt the workhouse. - Life with Mr sowerberry. -On the streets of London. -Oliver Meets Mr Brownlow. -Kidnapped. -The Robbery. -A home for Oliver. -The Plot Against Oliver. -Nancy's sacrifice. -Justice is served. -activities. -Projects. -Word list.
526 _aP145
526 _aP127
526 _aP97
526 _aP35
526 _aP14
526 _aP07
541 _g001-0000524;
650 0 4 _aInglés
_vLecturas.
650 0 4 _aNovelas inglesas.
910 _bjv
_cng
_d20080626
942 _2ddc
_cBOOK
949 _a428.07 CR 2A
_wDEWEY
_c1
_i58402
_lCCODEBUL1
_mBUL
_r0
_sY
_tBOOK
_u2015-6-25
_xFCE
_zAGB
_0COMPRA
_o.STAFF. Colección General
994 _aC0
_bPEPRU
596 _a1
999 _a428.07 CR 2A
_wDEWEY
_c47342
_i58402
_f2021-11-8
_g6
_lCCODEBUL1
_mBUL
_r0
_sN
_tBOOK
_u2015-6-25
_xEDUCACION
_zAGB
_0COMPRA
_o.STAFF. Colección General
_d47342
980 _81
_gALBERTO SANCHEZ Responsable de Automatización